[Event "Championnat de France - Open A"]
[Site "Nimes"]
[Date "2009.08.11"]
[Round "1.1"]
[White "Cochet, Caroline"]
[Black "Guezennec, Franck"]
[Result "0-1"]
[WhiteElo "2059"]
[BlackElo "2178"]
[PlyCount "94"]

1. e4 d5 2. exd5 Nf6 3. d4 Bg4 4. Be2 Bxe2 5. Nxe2 Qxd5 6. O-O e6 7. b3 Nc6 8.
c4 Qh5 9. Ng3 Qh4 10. Bb2 O-O-O 11. Ne2 Bd6 12. g3 Qh3 13. f3 h5 14. Rf2 h4 15.
g4 Bg3 16. Rg2 Ne5 17. Nd2 Bxh2+ 18. Rxh2 Nxf3+ 19. Nxf3 Qxf3 20. Qf1 Qxg4+ 21.
Rg2 Qe4 22. Qf4 Qd3 23. Rf1 h3 24. Rh2 Rh6 25. Qf3 Qh7 26. Nf4 g5 27. Ne2 g4
28. Qf4 Rg8 29. Ng3 Nh5 30. Nxh5 Rxh5 31. Qg3 Rf5 32. Rxf5 Qxf5 33. Rf2 h2+ 34.
Kxh2 Rh8+ 35. Kg1 Qb1+ 36. Rf1 Qxb2 37. Rxf7 Qxd4+ 38. Kg2 Qe4+ 39. Kf2 Qc2+
40. Kg1 Qd1+ 41. Kf2 Qd4+ 42. Kg2 e5 43. Rg7 Qe4+ 44. Kf2 Rf8+ 45. Kg1 Qb1+ 46.
Kh2 Rh8+ 47. Kg2 Qh1+ 0-1

[Event "Championnat de France - Open A"]
[Site "Nimes"]
[Date "2009.08.11"]
[Round "1.2"]
[White "Redon, Bruno"]
[Black "Egreteau, Eric"]
[Result "1-0"]
[WhiteElo "2170"]
[BlackElo "2059"]
[PlyCount "54"]

1. d4 Nf6 2. c4 e5 3. d5 Bc5 4. Nc3 d6 5. Nf3 Bf5 6. Bg5 h6 7. Bh4 g5 8. Bg3
Nh5 9. e3 Bg6 10. b4 Bb6 11. Bxe5 dxe5 12. c5 Qe7 13. Qa4+ Kf8 14. cxb6 Nd7 15.
bxc7 Nb6 16. Qb3 g4 17. Nd2 Qxc7 18. Be2 f5 19. O-O Qd7 20. Rfd1 e4 21. a4 Rd8
22. a5 Nc8 23. Nc4 Qe7 24. a6 b6 25. Nb5 Be8 26. Qc3 Rh7 27. Ne5 Bxb5 1-0

[Event "Championnat de France - Open A"]
[Site "Nimes"]
[Date "2009.08.11"]
[Round "1.3"]
[White "Le Ruyet, Leopold"]
[Black "Ruiz, Richard"]
[Result "1/2-1/2"]
[WhiteElo "2058"]
[BlackElo "2159"]
[PlyCount "50"]

1. e4 c5 2. Nf3 Nc6 3. d4 cxd4 4. Nxd4 g6 5. Nc3 Bg7 6. Be3 Nf6 7. Bc4 Qa5 8.
O-O O-O 9. f3 Qc5 10. Bb3 Ng4 11. fxg4 Bxd4 12. Bxd4 Nxd4 13. Kh1 Nxb3 14. cxb3
Qe5 15. Qd5 Qe6 16. Qd4 b6 17. Nd5 Bb7 18. Nc7 Qxg4 19. Nxa8 Bxe4 20. Qf2 Bxa8
21. Rac1 Bc6 22. Rc4 Qg5 23. h4 Qh5 24. Re1 e6 25. Re3 Qf5 1/2-1/2

[Event "Championnat de France - Open A"]
[Site "Nimes"]
[Date "2009.08.11"]
[Round "1.4"]
[White "Gidel, Jean-Louis"]
[Black "Roubaud, Alexandre"]
[Result "1-0"]
[WhiteElo "2157"]
[BlackElo "2058"]
[PlyCount "121"]

1. c3 Nf6 2. d4 e6 3. Bg5 d5 4. e3 Be7 5. Nd2 c5 6. Bd3 Nc6 7. f4 Bd7 8. Ngf3
Qb6 9. Rb1 cxd4 10. exd4 h6 11. Bxf6 Bxf6 12. Qe2 Qc7 13. Ne5 Nxe5 14. fxe5 Bg5
15. O-O Bc6 16. Nf3 O-O-O 17. Rf2 Rde8 18. Rbf1 Bd8 19. Ne1 Ref8 20. Nc2 Qe7
21. Ne3 f5 22. exf6 gxf6 23. Ng4 Qg7 24. Nxf6 Bxf6 25. Qxe6+ Bd7 26. Qxd5 Be7
27. Be4 Bc6 28. Qe6+ Bd7 29. Bxb7+ Kc7 30. Qa6 Rxf2 31. Rxf2 Bg5 32. Re2 Qf6
33. Qxa7 Qb6 34. Qxb6+ Kxb6 35. Bf3 Re8 36. Rxe8 Bxe8 37. Kf2 Bg6 38. Ke1 Bb1
39. a4 Bc2 40. Bd1 Be4 41. g3 Bd3 42. b4 Kc6 43. Bf3+ Kd6 44. a5 Bd8 45. Kd2
Bc4 46. h4 Bc7 47. Ke3 Ke6 48. Bg4+ Kd5 49. Bf3+ Ke6 50. Kf2 Kd6 51. Be4 Ke6
52. Kf3 Bb8 53. g4 Kf6 54. Bb7 Ke6 55. Bc8+ Kf6 56. Ke4 Ke7 57. g5 h5 58. a6
Bf1 59. Kd5 Ba7 60. Kc6 Kd8 61. Kb7 1-0

[Event "Championnat de France - Open A"]
[Site "Nimes"]
[Date "2009.08.11"]
[Round "1.5"]
[White "Schweitzer, Adrien"]
[Black "Derieux, Christian"]
[Result "1/2-1/2"]
[WhiteElo "2057"]
[BlackElo "2155"]
[PlyCount "148"]

1. d4 Nf6 2. c4 c5 3. d5 e6 4. Nc3 exd5 5. cxd5 d6 6. e4 g6 7. f4 Bg7 8. Bb5+
Nfd7 9. a4 Qh4+ 10. g3 Qe7 11. Nf3 O-O 12. O-O a6 13. Bd3 c4 14. Bc2 Nc5 15.
Qe2 Bg4 16. a5 Nbd7 17. Qxc4 b5 18. Qb4 Bxc3 19. bxc3 Nf6 20. e5 Bxf3 21. exf6
Qe2 22. Rf2 Nd3 23. Bxd3 Qxd3 24. f5 Rfe8 25. Bf4 Re2 26. Qd4 Qc2 27. Raf1 Rae8
28. Bxd6 Qa2 29. Be7 Rxf2 30. Qxf2 Bxd5 31. Qxa2 Bxa2 32. Rd1 gxf5 33. Rd6 Ra8
34. Kf2 h6 35. Rc6 Kh7 36. Ke3 Kg6 37. Kf4 Bd5 38. Rc5 Be6 39. Rc6 Bd5 40. Rc5
Be6 41. Rc6 Ra7 42. Ke5 Bd7 43. Bc5 Ra8 44. Rc7 Be6 45. Ra7 Rd8 46. Bd6 Rc8 47.
Rc7 Rxc7 48. Bxc7 Kg5 49. h4+ Kg4 50. Kd4 Kf3 51. Bf4 h5 52. Bc7 Ke2 53. Bf4
Kd1 54. Bd6 Kc2 55. Bb4 Kd1 56. Ke3 Kc2 57. Kf4 Kd3 58. Kg5 Ke4 59. Kxh5 f4 60.
gxf4 Kxf4 61. Kh6 Kg4 62. h5 Bc4 63. Kg7 Kxh5 64. Kf8 Kg5 65. Be7 Kf5 66. Ke8
Ke6 67. Kd8 Kd5 68. Kc7 b4 69. Bxb4 Ke6 70. Be7 Bb5 71. Kb6 Kd5 72. Bd8 Kc4 73.
Be7 Kxc3 74. Bc5 Kc4 1/2-1/2

[Event "Championnat de France - Open A"]
[Site "Nimes"]
[Date "2009.08.11"]
[Round "1.6"]
[White "Marciniak, Alexandre"]
[Black "Lewertowski, Gabriel"]
[Result "1/2-1/2"]
[WhiteElo "2152"]
[BlackElo "2055"]
[PlyCount "39"]

1. e4 g6 2. d4 Bg7 3. Nc3 d6 4. Be3 a6 5. a4 Nc6 6. Nf3 Bg4 7. Be2 e5 8. dxe5
dxe5 9. Qxd8+ Rxd8 10. Nd5 Rd7 11. Rd1 Nge7 12. Bc5 Nxd5 13. exd5 Ne7 14. c4
Nf5 15. Ng1 Bxe2 16. Nxe2 Nd6 17. b3 O-O 18. O-O Rfd8 19. Rc1 e4 20. Be3
1/2-1/2

[Event "Championnat de France - Open A"]
[Site "Nimes"]
[Date "2009.08.11"]
[Round "1.7"]
[White "Pirotais, Jerome"]
[Black "Benmesbah, Natacha"]
[Result "0-1"]
[WhiteElo "2054"]
[BlackElo "2151"]
[PlyCount "142"]

1. e4 c5 2. Nf3 d6 3. d4 cxd4 4. Nxd4 Nf6 5. f3 e5 6. Nb3 d5 7. exd5 Nxd5 8.
Bb5+ Nc6 9. Qe2 Bb4+ 10. c3 Be7 11. O-O O-O 12. Rd1 Be6 13. Be3 Qc7 14. Bf2 Nf4
15. Qe3 Rad8 16. N1d2 a6 17. Bxc6 Qxc6 18. Qxe5 Nd3 19. Qe4 Qxe4 20. Nxe4 Nxb2
21. Rxd8 Rxd8 22. Rb1 Nc4 23. Bd4 Na3 24. Rc1 Nb5 25. Bc5 Bxc5+ 26. Nbxc5 Bc8
27. a4 Na3 28. Nb3 Nc4 29. Nd4 f6 30. Rb1 Kf7 31. Rb4 Na5 32. Kf2 Ke7 33. Ke3
Kd7 34. g4 Kc7 35. c4 Nc6 36. Nxc6 Kxc6 37. c5 Rd1 38. Rd4 Rxd4 39. Kxd4 Be6
40. Nd2 Kc7 41. h4 Bd7 42. a5 Kc6 43. Nc4 Kb5 44. Nd6+ Kxa5 45. Nxb7+ Kb5 46.
Nd6+ Kc6 47. g5 fxg5 48. hxg5 a5 49. Nc4 a4 50. Ne5+ Kc7 51. Kc3 h5 52. gxh6
gxh6 53. Kb4 h5 54. Ng6 Be8 55. Nh4 Kd8 56. Kc4 Ke7 57. Kd4 Kf6 58. f4 Bc6 59.
Kc4 Be8 60. Kd4 a3 61. Kc3 a2 62. Kb2 Bf7 63. c6 Ke7 64. Nf5+ Kd8 65. Nd6 Bd5
66. Nb5 h4 67. Nd4 h3 68. Ne2 h2 69. Ng3 Kc7 70. f5 Kxc6 71. Ka1 Kd6 0-1

[Event "Championnat de France - Open A"]
[Site "Nimes"]
[Date "2009.08.11"]
[Round "1.8"]
[White "Guennoun, Anthony"]
[Black "Bleuzen, Cedric"]
[Result "1-0"]
[WhiteElo "2151"]
[BlackElo "2052"]
[Annotator "Rivier,Sylvain"]
[PlyCount "77"]

1. e4 e6 2. d4 d5 3. Nc3 Bb4 4. exd5 exd5 5. Bd3 Nc6 6. a3 Be7 7. Nge2 Bf6 8.
Be3 Nge7 9. Qd2 Bf5 10. O-O-O Qd7 11. f3 O-O-O 12. g4 Bxd3 13. Qxd3 g6 14. Na4
Na5 15. Nc5 Qc6 16. b3 b6 17. Qa6+ Kb8 18. Kb1 Nb7 19. Nd3 Qe6 20. Ne5 Nc6 21.
Nf4 Qe8 22. Nfd3 Be7 23. Rhe1 f6 24. Nxc6+ Qxc6 25. Bf4 Rhe8 26. Re2 Na5 27. a4
Bf8 28. Rde1 Rxe2 29. Rxe2 Re8 30. Nc1 Re6 31. Rxe6 Qxe6 32. Qe2 Qd7 33. Nd3
Nc6 34. c3 Nd8 35. h4 Be7 36. Bd2 Bd6 37. Bf4 Bf8 38. Bd2 Ne6 39. Nf4 {suite
illisible} 1-0

[Event "Championnat de France - Open A"]
[Site "Nimes"]
[Date "2009.08.11"]
[Round "1.9"]
[White "Jactel, Nicolas"]
[Black "Jeanjean, Dominique"]
[Result "1-0"]
[WhiteElo "2052"]
[BlackElo "2151"]
[PlyCount "75"]

1. e4 e5 2. Nf3 Nc6 3. Nc3 Nf6 4. d4 exd4 5. Nxd4 Bb4 6. Nxc6 bxc6 7. Bd3 d5 8.
exd5 cxd5 9. O-O O-O 10. Bg5 c6 11. Qf3 Bd6 12. Rfe1 Rb8 13. Rab1 Rb4 14. h3 h6
15. Bxf6 Qxf6 16. Qxf6 gxf6 17. a3 Rb8 18. b4 a5 19. bxa5 Bd7 20. Rxb8 Rxb8 21.
Rb1 Ra8 22. Rb7 Bc8 23. Rb6 Bd7 24. Nxd5 Kg7 25. a6 Bxa3 26. Rb3 Bc5 27. Nb6
Ra7 28. Nxd7 Rxd7 29. Rb7 Rxb7 30. axb7 Ba7 31. Kf1 Kf8 32. Be4 c5 33. Ke2 Ke7
34. Kf3 Ke6 35. Kg4 c4 36. Kh5 f5 37. Bf3 Ke5 38. Kxh6 1-0

[Event "Championnat de France - Open A"]
[Site "Nimes"]
[Date "2009.08.12"]
[Round "2.1"]
[White "Guezennec, Franck"]
[Black "Medeuf, Yonhel"]
[Result "1-0"]
[WhiteElo "2178"]
[BlackElo "2081"]
[PlyCount "69"]
[EventDate "2009.??.??"]

1. e4 e6 2. d4 d5 3. Nd2 Nf6 4. e5 Nfd7 5. c3 c5 6. f4 Nc6 7. Ndf3 Qb6 8. g3
cxd4 9. cxd4 Bb4+ 10. Kf2 f6 11. Kg2 O-O 12. Bd3 a5 13. h4 f5 14. Ng5 Nxd4 15.
Qh5 h6 16. Qg6 hxg5 17. hxg5 Nc2 18. Bxc2 Be1 19. Nh3 Qc6 20. Rxe1 Qxc2+ 21.
Nf2 Nc5 22. Qh5 Ne4 23. Re2 Qc4 24. Nxe4 fxe4 25. g6 Rf5 26. Qh7+ Kf8 27. Qh8+
Ke7 28. Qxg7+ Kd8 29. Rf2 d4 30. Be3 dxe3 31. Rd1+ Qd3 32. Rxd3+ exd3 33. Rf1
e2 34. Rh1 Bd7 35. Kf2 1-0

[Event "Championnat de France - Open A"]
[Site "Nimes"]
[Date "2009.08.12"]
[Round "2.2"]
[White "Bouget, Alexandre"]
[Black "Redon, Bruno"]
[Result "0-1"]
[WhiteElo "2075"]
[BlackElo "2170"]
[PlyCount "106"]
[EventDate "2009.??.??"]

1. d4 Nf6 2. c4 e6 3. Nc3 Bb4 4. e3 Bxc3+ 5. bxc3 c5 6. f3 d6 7. e4 Nc6 8. Be3
b6 9. Bd3 e5 10. Ne2 O-O 11. d5 Na5 12. Ng3 Ba6 13. Qe2 Qd7 14. a4 h5 15. O-O
g6 16. h3 h4 17. Nh1 Nh5 18. f4 exf4 19. Bxf4 Rae8 20. Bh6 Ng7 21. Rf6 Qe7 22.
Raf1 Nh5 23. Bxf8 Rxf8 24. R6f3 Kg7 25. Rf5 gxf5 26. Qxh5 Rh8 27. Qxf5 Bxc4 28.
Nf2 Rh6 29. e5 Rg6 30. exd6 Qxd6 31. Ne4 Qxd5 32. Bxc4 Qxf5 33. Rxf5 Nxc4 34.
Kf2 Rxg2+ 35. Kf3 Ra2 36. a5 Nd2+ 37. Nxd2 Rxd2 38. axb6 axb6 39. Rg5+ Kf8 40.
Ke4 Rh2 41. c4 Rxh3 42. Rh5 Kg7 43. Kd5 Kg6 44. Rh8 Kg5 45. Rg8+ Kf4 46. Rh8 f5
47. Kc6 Rb3 48. Rxh4+ Kg3 49. Rh8 f4 50. Rg8+ Kf2 51. Ra8 f3 52. Kd5 Kg2 53.
Rg8+ Kf1 0-1

[Event "Championnat de France - Open A"]
[Site "Nimes"]
[Date "2009.08.12"]
[Round "2.3"]
[White "Allorant, Adrien"]
[Black "Gidel, Jean-Louis"]
[Result "1/2-1/2"]
[WhiteElo "2072"]
[BlackElo "2157"]
[PlyCount "90"]
[EventDate "2009.??.??"]

1. e4 d5 2. exd5 Qxd5 3. Nc3 Qa5 4. d4 c6 5. Bc4 Bf5 6. Nf3 Nf6 7. Ne5 e6 8. g4
Be4 9. f3 Bd5 10. g5 Nfd7 11. Bxd5 cxd5 12. Nxd7 Nxd7 13. Qd3 a6 14. Bd2 Qc7
15. O-O-O O-O-O 16. Kb1 Bd6 17. h4 Nb6 18. b3 Kb8 19. Ne2 Nc8 20. Bc1 b5 21.
Bb2 Ne7 22. Rhg1 Nf5 23. h5 g6 24. h6 Rc8 25. Bc1 Ka7 26. Rg4 Qd7 27. Bf4 Be7
28. Qd2 Rc6 29. Kb2 Rhc8 30. Rc1 Qd8 31. a3 Qf8 32. b4 a5 33. c3 Kb7 34. Qd3
Rc4 35. Bd2 axb4 36. axb4 Ra8 37. Ra1 Kb6 38. Rxa8 Qxa8 39. Rg1 Rc7 40. Ra1 Ra7
41. Rxa7 Qxa7 42. Bf4 Bd6 43. Be5 Be7 44. Bf4 Bd6 45. Be5 Be7 1/2-1/2

[Event "Championnat de France - Open A"]
[Site "Nimes"]
[Date "2009.08.12"]
[Round "2.4"]
[White "Benmesbah, Natacha"]
[Black "Castro, John"]
[Result "1-0"]
[WhiteElo "2151"]
[BlackElo "2071"]
[PlyCount "79"]
[EventDate "2009.??.??"]

1. e4 c5 2. Nf3 Nc6 3. Bb5 g6 4. O-O Bg7 5. Re1 Qb6 6. Bf1 e6 7. Nc3 d6 8. b3
Nge7 9. Bb2 Nd4 10. e5 dxe5 11. Nxe5 O-O 12. Bd3 a6 13. a4 Qc7 14. f4 b6 15.
Be4 Bb7 16. Bxb7 Qxb7 17. Ne4 Rad8 18. a5 Nd5 19. Nd3 Nb4 20. Nxb4 cxb4 21. Kh1
Rd5 22. c3 bxc3 23. dxc3 Nf5 24. Qf3 bxa5 25. c4 Bxb2 26. Rab1 Bg7 27. cxd5
exd5 28. Ng3 Nd4 29. Qf2 Qb4 30. f5 Bf6 31. Red1 Be5 32. f6 Rd8 33. Re1 Qd6 34.
Rf1 Rc8 35. Rbd1 Nxb3 36. Qe3 Rc3 37. Qh6 Qf8 38. Qxf8+ Kxf8 39. Rxd5 Bc7 40.
Rd7 1-0

[Event "Championnat de France - Open A"]
[Site "Nimes"]
[Date "2009.08.12"]
[Round "2.5"]
[White "Labadie, Jean-Jacques"]
[Black "Guennoun, Anthony"]
[Result "1/2-1/2"]
[WhiteElo "2069"]
[BlackElo "2151"]
[PlyCount "122"]
[EventDate "2009.??.??"]

1. d4 c5 2. d5 e5 3. e4 d6 4. Nf3 Be7 5. Bb5+ Nd7 6. a4 Ngf6 7. Nc3 O-O 8. h3
a6 9. Bd3 b6 10. Be3 Qc7 11. Nd2 Re8 12. O-O Nf8 13. f4 exf4 14. Bxf4 Ng6 15.
Bh2 Nd7 16. Nc4 f6 17. Qh5 Nde5 18. Bxe5 fxe5 19. g3 Bd7 20. Be2 b5 21. axb5
axb5 22. Rxa8 Rxa8 23. Ne3 c4 24. Bg4 b4 25. Ncd1 Rc8 26. Bxd7 Qxd7 27. Nf5 Bd8
28. Qg4 Bb6+ 29. Kg2 Kh8 30. Nxd6 Qxg4 31. hxg4 Rc7 32. Nf5 Kg8 33. Nde3 Bd4
34. c3 bxc3 35. bxc3 Bxc3 36. d6 Rd7 37. Nxc4 Bd4 38. Rd1 Ba7 39. Rd5 Kf7 40.
Rxe5 Nxe5 41. Nxe5+ Ke6 42. Nxd7 Kxd7 43. Nxg7 Kxd6 44. Kf3 Ke5 45. Nh5 Bc5 46.
g5 Be7 47. Nf6 h5 48. Nxh5 Bxg5 49. Nf4 Bd8 50. Nh3 Be7 51. g4 Ba3 52. Nf4 Kf6
53. Nd5+ Ke5 54. g5 Bc1 55. Ne3 Ke6 56. Kf4 Kf7 57. e5 Bd2 58. Ke4 Kg6 59. e6
Bb4 60. Nd5 Bd6 61. Nc7 Bxc7 1/2-1/2

[Event "Championnat de France - Open A"]
[Site "Nimes"]
[Date "2009.08.12"]
[Round "2.6"]
[White "Millon, Valentin"]
[Black "Girard, Eric"]
[Result "0-1"]
[WhiteElo "2069"]
[BlackElo "2150"]
[PlyCount "56"]
[EventDate "2009.??.??"]

1. d4 e6 2. e4 d5 3. e5 c5 4. c3 Qb6 5. Nf3 Nc6 6. a3 Nh6 7. b4 cxd4 8. cxd4
Nf5 9. Bb2 Be7 10. h4 a5 11. b5 a4 12. g4 Nh6 13. Rg1 Na5 14. Qxa4 Bd7 15. Nc3
O-O 16. Qc2 Rfc8 17. Bd3 Nc4 18. Bxh7+ Kf8 19. g5 Nf5 20. Bxf5 Nxb2 21. Bxe6
Bxe6 22. Qh7 Bb4 23. Qh8+ Ke7 24. Qxg7 Bxc3+ 25. Ke2 Qxb5+ 26. Ke3 Qd3+ 27. Kf4
Qf5+ 28. Ke3 Qe4# 0-1

[Event "Championnat de France - Open A"]
[Site "Nimes"]
[Date "2009.08.12"]
[Round "2.7"]
[White "Audiffren, Roger"]
[Black "Ribeiro, Romain"]
[Result "0-1"]
[WhiteElo "2068"]
[BlackElo "2141"]
[PlyCount "84"]
[EventDate "2009.??.??"]

1. d4 Nf6 2. Nf3 b6 3. b3 Bb7 4. e3 e6 5. Bb2 c5 6. Be2 cxd4 7. exd4 Be7 8. O-O
O-O 9. Nbd2 d6 10. c4 Nbd7 11. Rc1 Rc8 12. Re1 Re8 13. Bd3 Bf8 14. Bb1 g6 15.
Ba3 Bh6 16. Rc3 Nh5 17. Ne4 Ndf6 18. Bc1 Bg7 19. Bg5 h6 20. Nxf6+ Nxf6 21. Bh4
Qd7 22. Qc1 Nh7 23. Bg3 f5 24. h4 Nf6 25. Bf4 Kh7 26. Rd1 Qe7 27. Qe3 Ng4 28.
Qd2 e5 29. dxe5 dxe5 30. Ng5+ Kg8 31. Rd3 Bc6 32. Rd6 exf4 33. Re6 Qc5 34. b4
Qxf2+ 35. Qxf2 Nxf2 36. Kxf2 hxg5 37. Rxg6 g4 38. Bxf5 g3+ 39. Kf1 Rc7 40. h5
Kh8 41. h6 Bc3 42. h7 Rxh7 0-1

[Event "Championnat de France - Open A"]
[Site "Nimes"]
[Date "2009.08.12"]
[Round "2.8"]
[White "Zschiedrich, Heiko"]
[Black "Jactel, Nicolas"]
[Result "1/2-1/2"]
[WhiteElo "2132"]
[BlackElo "2052"]
[PlyCount "85"]
[EventDate "2009.??.??"]

1. e4 d5 2. exd5 Qxd5 3. Nc3 Qa5 4. d4 Nf6 5. Nf3 c6 6. Bd2 Bf5 7. Ne4 Qc7 8.
Ng3 Bg6 9. Ne5 Nbd7 10. Nxg6 hxg6 11. Bc4 e6 12. Qe2 Bd6 13. O-O-O O-O-O 14.
Ne4 Bf4 15. h3 Nb6 16. Nxf6 gxf6 17. c3 c5 18. Kb1 Bxd2 19. Rxd2 cxd4 20. cxd4
Nxc4 21. Rc1 Kb8 22. Rxc4 Qd6 23. Qf3 f5 24. d5 exd5 25. Rcd4 Rhe8 26. Rd1 Re4
27. Rxd5 Qxd5 28. Rxd5 Rxd5 29. Qg3+ Kc8 30. Qa3 Re1+ 31. Kc2 Re2+ 32. Kc3 a6
33. Qf8+ Rd8 34. Qxf7 Rxf2 35. Qxg6 Rdd2 36. Qe6+ Kb8 37. Qe8+ Kc7 38. Qe5+ Kd7
39. Qg7+ Kc8 40. Qf8+ Kd7 41. Qg7+ Kc8 42. Qf8+ Kd7 43. Qg7+ 1/2-1/2

[Event "Championnat de France - Open A"]
[Site "Nimes"]
[Date "2009.08.12"]
[Round "2.9"]
[White "Maruejols, Claude"]
[Black "Muller, Anne"]
[Result "0-1"]
[WhiteElo "2044"]
[BlackElo "2130"]
[PlyCount "78"]
[EventDate "2009.??.??"]

1. d4 Nf6 2. c4 e6 3. Nc3 Bb4 4. e3 c5 5. Nge2 cxd4 6. exd4 O-O 7. a3 Be7 8.
Nf4 d6 9. Bd3 Nc6 10. Be3 Re8 11. O-O Bf8 12. Qc2 Bd7 13. Rad1 Rc8 14. f3 h6
15. Bf2 Na5 16. b3 d5 17. c5 Nc6 18. b4 e5 19. dxe5 Rxe5 20. Nfe2 Re8 21. Nd4
Ne5 22. Bf5 a5 23. Qb3 axb4 24. axb4 Bxf5 25. Nxf5 Qd7 26. Nd4 Rcd8 27. Ra1 Nc4
28. Rfd1 Ne3 29. Re1 Nf5 30. Rxe8 Rxe8 31. Nce2 g6 32. Ra7 Nxd4 33. Nxd4 Qc8
34. Bh4 Qb8 35. Nb5 Qf4 36. g4 Qc1+ 37. Kg2 Re2+ 38. Kg3 Qe1+ 39. Kf4 Qxh4 0-1

[Event "Championnat de France - Open A"]
[Site "Nimes"]
[Date "2009.08.12"]
[Round "2.10"]
[White "Chamba, Antoine"]
[Black "Gueriche, Guillaume"]
[Result "1-0"]
[WhiteElo "2125"]
[BlackElo "2022"]
[PlyCount "159"]
[EventDate "2009.??.??"]

1. Nf3 c5 2. g3 b6 3. Bg2 Bb7 4. O-O Nf6 5. d3 d5 6. Nbd2 e6 7. Qe1 Nc6 8. c3
Be7 9. e4 dxe4 10. dxe4 h6 11. e5 Nd5 12. Nc4 Qc7 13. Ne3 O-O-O 14. a4 Ba6 15.
a5 Nxa5 16. Nxd5 exd5 17. b4 Bxf1 18. Bxf1 Nb3 19. Be3 Nxa1 20. Qxa1 Kb8 21.
Bg2 g5 22. Qa2 f6 23. exf6 Bxf6 24. bxc5 bxc5 25. h4 Rhg8 26. hxg5 hxg5 27. Nh2
Qd6 28. Qb1+ Qb6 29. Qf5 Qd6 30. c4 d4 31. Bd2 Rdf8 32. Ba5 Rf7 33. Qe4 Kc8 34.
Ng4 Rh8 35. Nxf6 Qxf6 36. Qa8+ Kd7 37. Qb7+ Ke8 38. Qc8+ Ke7 39. Qxc5+ Qd6 40.
Qxg5+ Kf8 41. Bd5 Qf6 42. Bb4+ Ke8 43. Qd2 Rg7 44. Bc5 d3 45. Qe3+ Kd8 46. Bd4
Qg6 47. Be4 Qa6 48. Bxd3 Re8 49. Qf3 Rd7 50. Bf6+ Kc7 51. Bf1 Qd6 52. Bg5 Qc6
53. Bf4+ Kb7 54. Qb3+ Ka8 55. Qb1 Rde7 56. Bd2 Rb7 57. Qc1 Kb8 58. Bf4+ Kc8 59.
Bh3+ Kd8 60. Bg2 Qb6 61. Qd1+ Rd7 62. Bg5+ Kc7 63. Qc1 Qb4 64. Qf4+ Qd6 65. Qh4
Qd3 66. Bf4+ Kb6 67. Qf6+ Ka5 68. Qa1+ Kb4 69. Bf1 Qb3 70. Qa6 Rc7 71. Bd6+ Kc3
72. c5 Qd5 73. Qa3+ Kc2 74. Bf4 Rb7 75. Qc1+ Kb3 76. Qb1+ Kc3 77. Be5+ Kd2 78.
Qb2+ Kd1 79. Be2+ Ke1 80. Bc3+ 1-0

[Event "Championnat de France - Open A"]
[Site "Nimes"]
[Date "2009.08.13"]
[Round "3.1"]
[White "Suez-Panama, Gilles"]
[Black "Guezennec, Franck"]
[Result "1/2-1/2"]
[WhiteElo "2122"]
[BlackElo "2178"]
[PlyCount "55"]

1. d4 Nf6 2. Nf3 g6 3. c4 Bg7 4. Nc3 d6 5. g3 O-O 6. Bg2 Nbd7 7. O-O c5 8. d5
Nb6 9. Nd2 Ng4 10. h3 Nh6 11. a4 a6 12. a5 Nd7 13. Nf3 b5 14. axb6 Nxb6 15. Qd3
Kh8 16. Bf4 Ng8 17. Ra2 Bd7 18. e4 Nf6 19. Re1 Ne8 20. e5 Qc8 21. Kh2 Rb8 22.
b3 Na8 23. Ne4 Bf5 24. g4 Bxe4 25. Rxe4 Nac7 26. Re1 Rb6 27. Rae2 Qb8 28. Nd2
1/2-1/2

[Event "Championnat de France - Open A"]
[Site "Nimes"]
[Date "2009.08.13"]
[Round "3.2"]
[White "Redon, Bruno"]
[Black "Loiseau, Quentin"]
[Result "0-1"]
[WhiteElo "2170"]
[BlackElo "2093"]
[PlyCount "120"]

1. d4 Nf6 2. c4 g6 3. Nc3 Bg7 4. Nf3 O-O 5. Bg5 c5 6. e3 cxd4 7. exd4 d5 8.
Bxf6 Bxf6 9. cxd5 Nd7 10. Qb3 Nb6 11. Rd1 Bf5 12. a4 e6 13. dxe6 Bxe6 14. Qc2
Re8 15. Be2 Bf5 16. Qd2 Nc4 17. Qc1 Na5 18. O-O Nb3 19. Qf4 Bc2 20. Bc4 Rc8 21.
Bxb3 Bxb3 22. Rd2 Bg7 23. Ne4 Bc4 24. Rfd1 Bb3 25. Ra1 Qc7 26. Qxc7 Rxc7 27.
Nd6 Rd8 28. Nb5 Rc4 29. a5 a6 30. Nc3 Rb4 31. d5 Bxc3 32. bxc3 Rb5 33. d6 Rc5
34. Rb1 Rxa5 35. h3 Bd5 36. Ne5 Be4 37. Nc4 Rc5 38. Rb4 Bc6 39. Nb6 Rxc3 40. d7
Kf8 41. f4 Bb5 42. Rbd4 Rc6 43. Nc8 Rc7 44. Nb6 Rc6 45. Nc8 Rc4 46. Rxc4 Bxc4
47. Nd6 Be6 48. Nxb7 Rxd7 49. Rb2 Rc7 50. Kf2 Bd5 51. Na5 Rc5 52. Nb7 Rb5 53.
Rxb5 axb5 54. Nc5 Ke7 55. g3 Kd6 56. Nd3 Bc4 57. Nb2 Kc5 58. Ke3 h5 59. h4 Kb4
60. Kd4 Be2 0-1

[Event "Championnat de France - Open A"]
[Site "Nimes"]
[Date "2009.08.13"]
[Round "3.3"]
[White "Forestier, Carole"]
[Black "Benmesbah, Natacha"]
[Result "1/2-1/2"]
[WhiteElo "2111"]
[BlackElo "2151"]
[PlyCount "97"]

1. d4 Nf6 2. c4 c5 3. d5 e6 4. Nc3 exd5 5. cxd5 d6 6. e4 g6 7. f4 Bg7 8. Bb5+
Nfd7 9. Bd3 O-O 10. Nf3 Nf6 11. O-O Bg4 12. h3 Bxf3 13. Qxf3 Nbd7 14. Be3 a6
15. a4 Qc7 16. Rae1 Rac8 17. Be2 Qb8 18. g4 b5 19. g5 Nh5 20. e5 dxe5 21. f5 e4
22. Nxe4 Bxb2 23. fxg6 hxg6 24. Qf2 Be5 25. Kg2 b4 26. Bd1 Ng7 27. Bg4 Qb7 28.
Nf6+ Nxf6 29. gxf6 Qxd5+ 30. Bf3 Qd6 31. fxg7 Bxg7 32. Rd1 Qc7 33. Rd5 c4 34.
Bc5 Rfe8 35. Bxb4 c3 36. Qc2 Qf4 37. Bd6 Qc4 38. Bg3 Re3 39. Rfd1 Rce8 40. Rd8
Bf6 41. Rxe8+ Rxe8 42. Rd6 Re6 43. Rxe6 Qxe6 44. Bf4 Qc4 45. Be3 Qc7 46. Bd5
Kg7 47. Be4 Qc4 48. Bf2 Be5 49. Bg3 1/2-1/2

[Event "Championnat de France - Open A"]
[Site "Nimes"]
[Date "2009.08.13"]
[Round "3.4"]
[White "Girard, Eric"]
[Black "Richard, Emma"]
[Result "1-0"]
[WhiteElo "2150"]
[BlackElo "2091"]
[PlyCount "43"]

1. c4 Nf6 2. Nc3 g6 3. e4 d6 4. d4 Bg7 5. Be2 O-O 6. Bg5 c5 7. d5 Qa5 8. Bd2 e6
9. Nf3 exd5 10. exd5 a6 11. O-O Qc7 12. h3 Nbd7 13. a4 Re8 14. Bd3 Nh5 15. g4
Ne5 16. Nxe5 Rxe5 17. f4 Re8 18. Qf3 Nf6 19. f5 Nd7 20. fxg6 Bd4+ 21. Kg2 Ne5
22. gxh7+ 1-0

[Event "Championnat de France - Open A"]
[Site "Nimes"]
[Date "2009.08.13"]
[Round "3.5"]
[White "Ribeiro, Romain"]
[Black "Baudon, Sebastien"]
[Result "1-0"]
[WhiteElo "2141"]
[BlackElo "2024"]
[PlyCount "91"]

1. e4 c5 2. Nc3 Nc6 3. Nf3 e5 4. Bc4 d6 5. d3 Be6 6. Bb3 g6 7. Nd5 h6 8. c3 Bg7
9. Be3 Nge7 10. Nxe7 Qxe7 11. O-O O-O 12. Nd2 f5 13. f4 exf4 14. Bxf4 g5 15.
exf5 Rxf5 16. Re1 d5 17. Bg3 Qd7 18. Bc2 Rf7 19. Nb3 b6 20. d4 c4 21. Nd2 Bg4
22. Qc1 Raf8 23. Nf1 Bh5 24. Qd2 Ne7 25. b3 b5 26. a4 a6 27. Ne3 Ng6 28. axb5
axb5 29. bxc4 bxc4 30. Ra5 Ne7 31. Rea1 Rf6 32. Ra7 Qe6 33. h3 Rd8 34. Re1 Nc6
35. Rxg7+ Kxg7 36. Nf5+ Qxf5 37. Bxf5 Rxf5 38. Qb2 Be8 39. Bc7 Rd7 40. Qb6 Ne7
41. Be5+ Kh7 42. Ra1 Ng6 43. Qe6 Rf8 44. Bd6 Nf4 45. Bxf4 gxf4 46. Ra8 1-0

[Event "Championnat de France - Open A"]
[Site "Nimes"]
[Date "2009.08.13"]
[Round "3.6"]
[White "Muller, Anne"]
[Black "Feryn, Alexandre"]
[Result "1/2-1/2"]
[WhiteElo "2130"]
[BlackElo "1994"]
[PlyCount "127"]

1. e4 c5 2. Nf3 e6 3. d4 cxd4 4. Nxd4 a6 5. Bd3 Qc7 6. Nc3 Nf6 7. O-O Nc6 8.
Be3 Nxd4 9. Bxd4 Bc5 10. Bxc5 Qxc5 11. Kh1 b5 12. a3 d6 13. f4 O-O 14. Qd2 Bb7
15. Rae1 Qh5 16. Re3 Rfd8 17. Rh3 Qg6 18. Qe2 Qg4 19. Qe3 d5 20. exd5 exd5 21.
Qb6 Rab8 22. Rg3 Qe6 23. Qd4 Ne8 24. f5 Qf6 25. Qf4 Nd6 26. Ne2 Rbc8 27. c3 Nc4
28. Bxc4 dxc4 29. Nd4 Re8 30. Re3 Rxe3 31. Qxe3 h6 32. Re1 Kf8 33. Kg1 Qg5 34.
Qxg5 hxg5 35. Kf2 Re8 36. Ra1 Re4 37. g3 Ke7 38. h3 Kd6 39. a4 b4 40. Nf3 bxc3
41. bxc3 f6 42. Rb1 Kc7 43. Nd4 Bd5 44. a5 Re8 45. Rb6 Rh8 46. Rxa6 Rxh3 47.
Nb5+ Kc8 48. Rd6 Rh2+ 49. Ke3 Bh1 50. Rd4 Kb7 51. Rd6 Rg2 52. a6+ Kc8 53. Rc6+
Kd8 54. Rxc4 Rxg3+ 55. Kf2 Rg2+ 56. Kf1 Ra2 57. a7 Bf3 58. Rd4+ Ke7 59. c4 g4
60. Rf4 Kd7 61. Nd4 Rxa7 62. Nxf3 gxf3 63. Rxf3 Kd6 64. Kg2 1/2-1/2